| 000 | 00509nam a22001817a 4500 | ||
|---|---|---|---|
| 999 |
_c163793 _d163793 |
||
| 005 | 20190501114959.0 | ||
| 010 | _aENG-125115 | ||
| 020 |
_a9789381382103 _c400.00 |
||
| 035 | _aEN-108647 | ||
| 037 | _bDBAD/PUB | ||
| 082 | _a332.024 | ||
| 100 | _aLakhotio, Subhash | ||
| 245 |
_a108 investment mantras / _cby Subhash Lakhotio |
||
| 260 |
_aNoida _bAmrit Books _c2011 |
||
| 270 |
_aPlot No-231, Sector-15A _bNoida _e201301 |
||
| 300 |
_a167p. _c22cm(Hb) |
||
| 942 |
_2ddc _cEN _h332.024 _mLAK |
||